1459 1344 1619 1250 1070 1249 1221 1961 1784 1762 1644 1821 1974 1271 1947 1986 1839 1371 1187 1557 1508 1433 1245 1792 1229 1565 1059 1049 1825 1695 1934 1177 1009 1231 1169 1455 1594 1407 1281 1868 1752 1383 1818 1844 1752 1414 1218 1459 1138 1425 1477 1986 1767 1910 1591 1558 1208 1153 1373 1669 1535 1812 1673 1982 1960 1120 1286 1507 1499 1101 1193 1433 1601 1428 1582 1100 1179 1871 1181 1664 1258 1577 1890 1598 1501 1478 1360 1096 1497 1937 1622 1196 1948 1653 1919 1270 1100 1722 1933 BCNSPRNW ULIB Ver.6.0+V

เปลี่ยนเป็นภาษาไทย

Change to English
 แสดงรายละเอียดบรรณานุกรม
  กลับหน้าหลัก

Brief Record : Get Marc (ISO 2709) : E-mail record : QR code < ปิดหน้าต่าง
LEADER : 00000nam 2200000uu 4500
001    13399125259
003     ULIB
008    161201s2559||||th 000 0 tha d
060  0 ^aWA546 ว123ก
100 0  ^aผู้ช่วยรองศาสตราจารย์ ดร.ศิริพร ขัมภลิขิต
110 1  ^aสำนักงานสนับสนุนการพัฒนาระบบสุขภาพ^bสำนักงานกองทุนสนับสนุนการสร้างเสริมสุขภาพ
245 00 ^aชุดการเรียนรู้ที่ 4 การจัดการความรู้ด้านการสร้างเสริมสุขภาพ =^bKnowledge Management in Health Promotion/^cผู้ช่วยรองศาสตราจารย์ ดร.วงจันทร์ เพชรพิเชฐเชียร
250    ^aพิมพ์ครั้งที่ 1
260    ^aนนทบุรี:^bบริษัท มาตา การพิมพ์ จำกัด,^c2559
300    ^a82หน้า:^bตาราง;^c29ซม.
650  0 ^aการจัดการ^bความรู้
700 0  ^aการพยาบาล^bสร้างเสริมสุขภาพ
710 1  ^aสำนักสนับสนุนการพัฒนาระบบสุขภาพ^bสำนักงานกองทุนสนับสนุนการสร้างเสริมสุขภาพ
945    ^p0^l0^i001569
999    ^aวรรณษา ชูชัยมงคล
รายการนี้ยังไม่มีแท็ก
คุณยังไม่ได้ล็อกอิน คุณสามารถมีกิจกรรมร่วมกับเว็บไซต์ได้ แต่ต้องล็อกอินก่อน ::
  ล็อกอิน

รายการสื่อสารสนเทศ

ลำดับที่ ประเภท เลขเรียก/บาร์โค้ด สถานที่ สถานะ
1. Book การพยาบาล
Book การพยาบาล
สถานะ=หนังสือเก่า
WA546 ว123ก ฉ.1 
  Barcode: 001569
ห้องสมุดวิทยาเขตสวรรค์ประชารักษ์
►ส่วนจัดเก็บหนังสือเก่า สปร
บนชั้น
  ขอยืม

BibComment


ยังไม่เคยถูกคอมเมนท์

คอมเมนท์ทรัพยากรรายการนี้
  คอมเมนท์: ชุดการเรียนรู้ที..


 Copyright 2026. Bcnsprnw @Library